13 Colonies Flags - Statistics

General Stats
  • This quiz has been taken 32 times
  • The average score is 10 of 13
Answer Stats
Picture Answer % Correct
Maryland
91%
Rhode Island
91%
South Carolina
86%
Delaware
77%
New Hampshire
77%
New York
77%
North Carolina
77%
Connecticut
73%
Massachusetts
73%
Virginia
73%
Georgia
68%
New Jersey
68%
Pennsylvania
55%
No matching quizzes found
Score Distribution
Percent of People with Each Score
Percentile by Number Answered
Your Score History
You have not taken this quiz